书目信息 |
| 书名: | The Seven Keys of Balabad | |
| 作者: | Paul Haven | |
| 分册号: | ||
| 分册名: | 出版地: | AMERICA |
|
| 出版社: | A YEARLING BOOK | |
| 出版时间: | 2009 | |
| 页数: | 275P | |
| 开本: | 22CM | |
| 丛书名: | ||
| 中图分类号: | ||
| 科图分类号: | ||
| 其他分类号: | I18 | |
| 主题词: | ||
| 电子资源: | ||
| 000 | 00384nam0 2200145 450 | |
| 001 | 202012001641 | |
| 005 | 20121112101453.0 | |
| 008 | 12111201s | |
| 020 | @a9780375833519@c$6.99 | |
| 099 | @dI18@eP3244 | |
| 245 | 10 | @aThe Seven Keys of Balabad @c Paul Haven |
| 260 | 0 | @aAMERICA@bA YEARLING BOOK@c2009 |
| 300 | @a275P@c22CM | |
| 905 | @b11070 | |
| 905 | @aTSG@dI18@eP3244 | |
| The Seven Keys of Balabad / Paul Haven .-AMERICA : A YEARLING BOOK , 2009 |
| 275P ; 22CM |
| ISBN 9780375833519$6.99 |
| ● |
| 相关链接 |
|
|
|
正题名:The Seven Keys of Balabad
索取号:I18/P3244
 
预约/预借
| 序号 | 登录号 | 条形码 | 馆藏地/架位号 | 状态 | 备注 |